000 03268nam0a2200409 4500
001 RU\NLR\BIBL_A\012761894
005 20230314171424.0
021 _aRU
_bКН-П-21-090971
_9КН-П-21-7249
035 _a(NLR Aleph) 012761894
090 _a13065162
_c13065162
100 _a20220414d2021 k y0rusy50 ca
101 0 _arus
_deng
102 _aRU
105 _aa z 100zy
181 0 _ai
_baxxe
182 0 _an
200 1 _aМодернизация и инновационное развитие топливо-энергетического комплекса
_eматериалы IV Международной научно-практической конференции
_fМинистерство науки и высшего образования Российской Федерации, Научно-исследовательский центр "МашиноСтроение"... Казахский национальный исследовательский технический университет им. К. И. Сатпаева, Казанский государственный энергетический университет
_gответственный редактор: Жуков Иван Алексеевич, профессор, д.т.н., доцент
203 _aТекст
_bвизуальный
_cнепосредственный
210 _aСанкт-Петербург
_cНаучно-исследовательский центр "МашиноСтроение"
_d2021
215 _a42 с.
_cил., табл.
_d20
300 _aРез. англ.
300 _aНа тит. с. и обл.: ISSN 2618-8953
309 _aНа тит. с. и обл.: № 4
320 _aБиблиогр. в конце ст.
606 1 _aТопливно-энергетические комплексы
_jСъезды, совещания и т.п
_xИнновации
_92630920
_3RU\NLR\AUTH\661567480
606 1 _aЭнергетические ресурсы
_jСъезды, совещания и т.п
_91297165
_3RU\NLR\AUTH\66219352
686 1 _aУ9(2)-554-434я431
686 1 _aЗ15я431(0)
702 1 _4340
_7ca
_8rus
_aЖуков
_bИ. А.
_cд-р техн. наук
_f1982-
_gИван Алексеевич
_919909
_3RU\NLR\AUTH\7736920
711 1 2 _a"Модернизация и инновационное развитие топливно-энергетического комплекса", международная научно-практическая конференция
_d4
_eСанкт-Петербург
_f2021
_9793123
_3RU\NLR\AUTH\880563011
712 0 2 _4475
_a"Машиностроение", научно-исследовательский центр
_bСанкт-Петербургский филиал
_cНовокузнецк
_9600185
_3RU\NLR\AUTH\880469143
712 0 2 _4570
_aКазахский национальный исследовательский технический университет им. К. И. Сатпаева
_cАлма-Ата
_9549891
_3RU\NLR\AUTH\880442966
942 _cBOOK
980 _aNB